Alle Hauptstädte Europas (alphabetisch) - Statistiken

Allgemein
  • Dieses Quiz wurde 50 mal gespielt
  • Das Durchschnittsergebnis liegt bei 28 aus 47
Antwortstatistiken
Hauptstadt % Korrekt
Amsterdam
97%
Berlin
94%
Athen
88%
Bern
85%
Budapest
85%
Brüssel
82%
Bukarest
82%
Belgrad
79%
Dublin
79%
Andorra la Vella
76%
Chișinău
73%
Lissabon
70%
Bratislava
67%
Kopenhagen
67%
London
67%
Wien
67%
Zagreb
67%
Helsinki
64%
Madrid
64%
Oslo
64%
Minsk
61%
Stockholm
61%
Paris
58%
Warschau
58%
Kiew
55%
Ljubljana
55%
Prag
55%
Riga
55%
Rom
55%
Tallinn
55%
Vilnius
55%
Luxemburg
52%
Moskau
52%
Monaco
48%
Valletta
48%
Vatikanstadt
48%
Ankara
45%
Reykjavík
45%
Sarajevo
45%
Pristina
42%
Skopje
42%
Sofia
42%
Tirana
42%
Vaduz
42%
Podgorica
39%
San Marino
39%
Nikosia
6%
Keine übereinstimmenden Quizze gefunden
Verteilung der Resultate
Anzahl Personen mit jedem Resultat
Perzentil nach korrekt beantworteten Fragen
Ihre Resultats-Entwicklung
Sie haben dieses Quiz noch nicht gespielt